Yu-Gi-Oh - Types de Monstre - Statistiques

Statistiques générales
  • Ce quiz a été pris 1 201 fois
  • Le résultat moyen est 15 sur 24
Statistiques - réponses
Types % Correct
2 Dragon
95%
1 Magicien
91%
7 Bête
88%
9 Guerrier
86%
5 Machine
79%
3 Démon
75%
19 Bête-Guerrier
71%
10 Elfe
70%
20 Aqua
69%
21 Bête Ailée
68%
14 Zombie
68%
18 Insecte
62%
17 Poisson
62%
15 Pyro
61%
6 Dinosaure
57%
8 Plante
55%
16 Rocher
51%
4 Serpent de Mer
50%
24 Bête Divine
43%
11 Tonnerre
41%
13 Cyberse
40%
22 Reptile
38%
12 Psychique
37%
23 Wyrm
36%
Aucun quiz correspondant
Distribution des résultats
% des personnes avec chaque résultat
Percentile par nombre de réponses
Votre historique - résultats
Vous n’avez pas pris ce quiz